The Hobbit Chapter Titles-Sudden Death - Statistics

General Stats
  • This quiz has been taken 82 times
  • The average score is 10 of 19
Answers on the Grid
Answers color-coded by a green-red scale on the quiz's grid according to % correct below.
An Unexpected Party
Roast Mutton
A Short Rest
Over Hill and Under Hill
Riddles in the Dark
Out of the Frying-Pan and into the Fire
Queer Lodgings
Flies and Spiders
Barrels Out of Bonds
A Warm Welcome
On the Doorstep
Inside Information
Not at Home
Fire and Water
The Gathering of the Clouds
A Thief in the Night
The Clouds Burst
The Return Journey
The Last Stage
Three is Company
The Old Forest
A Knife in the Dark
Many Meetings
The Great River
The Shadow of the Past
A Long-expected Party
A Short Cut to Mushrooms
A Conspiracy Unmasked
The Council of Elrond
The Bridge of Khazad-dûm
 
Answer Stats
Answer % Correct
An Unexpected Party
70%
Riddles in the Dark
65%
Out of the Frying-Pan and into the Fire
62%
Flies and Spiders
59%
Queer Lodgings
59%
Barrels Out of Bonds
57%
A Thief in the Night
54%
Over Hill and Under Hill
54%
Roast Mutton
51%
The Return Journey
51%
A Short Rest
46%
Fire and Water
46%
On the Doorstep
46%
The Last Stage
43%
A Warm Welcome
41%
The Clouds Burst
41%
Inside Information
38%
The Gathering of the Clouds
38%
Not at Home
35%
No matching quizzes found
Score Distribution
Percent of People with Each Score
Percentile by Number Answered
Your Score History
You have not taken this quiz